Hồ Chí Minh toàn tập. t.V, 1-1948 - 12-1950 /

সংরক্ষণ করুন:
গ্রন্থ-পঞ্জীর বিবরন
প্রধান লেখক: Hồ Chí Minh.
বিন্যাস: Sách giấy
ভাষা:Vietnamese
প্রকাশিত: H. : Sự thật, 1985.
বিষয়গুলি:
ট্যাগগুলো: ট্যাগ যুক্ত করুন
কোনো ট্যাগ নেই, প্রথমজন হিসাবে ট্যাগ করুন!
Thư viện lưu trữ: Thư viện Trường Đại học Đà Lạt
LEADER 00803nam a2200301 4500
001 DLU130157367
005 ##20131125
040 # # |a DLU  |b vie 
041 # # |a vie 
044 # # |a vn 
082 # # |a 895.922 809  |b HO-M 
100 # # |a Hồ Chí Minh. 
245 # # |a Hồ Chí Minh toàn tập.  |n t.V,  |p 1-1948 - 12-1950 /  |c Hồ Chí Minh. 
260 # # |a H. :  |b Sự thật,  |c 1985. 
300 # # |a 532 tr. ;  |c 20 cm. 
600 # # |a Hồ Chí Minh,  |d 1890-1969  |x Quan điểm chính trị và xã hội. 
650 # # |a Chủ tịch  |z Việt Nam  |x Quan điểm chính trị và xã hội. 
990 # # |a t.V 
991 # # |a SH 
992 # # |a 28 
994 # # |a DLU 
900 # # |a True 
911 # # |a Nguyễn Huyền Anh 
925 # # |a G 
926 # # |a A 
927 # # |a SH 
980 # # |a Thư viện Trường Đại học Đà Lạt